[Event "XXX Memorial Edoardo Crespi B"]
[Site "Milano ITA"]
[Date "2009.12.06"]
[Round "4"]
[White "Cartella, Giovanni"]
[Black "Petrone, Gianmario"]
[Result "1-0"]
[WhiteElo "1872"]
[BlackElo "1736"]
[PlyCount "81"]
[EventDate "2009.12.04"]

1. d4 Nf6 2. Nf3 d5 3. Bg5 e6 4. e3 h6 5. Bf4 Bd6 6. Ne5 Nfd7 7. Nd3 Bxf4 8.
Nxf4 c5 9. c3 cxd4 10. exd4 Nf6 11. Nd2 Nc6 12. Nd3 Qc7 13. Nf3 O-O 14. Be2 Re8
15. O-O b6 16. Nde5 Nd7 17. Bb5 Ncxe5 18. Nxe5 Rd8 19. f4 Nxe5 20. fxe5 Bd7 21.
Bd3 b5 22. Bc2 Qc4 23. Bb3 Qc7 24. Qd3 Bc6 25. Bc2 g6 26. Rf6 Kh8 27. Raf1 Rf8
28. h4 h5 29. Bd1 Kg7 30. Qg3 Rh8 31. Bc2 Rh6 32. Qg5 Be8 33. R1f3 b4 34. Ba4
Rh8 35. Bxe8 Raxe8 36. Rxf7+ Qxf7 37. Rxf7+ Kxf7 38. Qf6+ Kg8 39. Qxg6+ Kf8 40.
cxb4 Rb8 41. Qf6+ 1-0

[Event "XXX Memorial Edoardo Crespi B"]
[Site "Milano ITA"]
[Date "2009.12.06"]
[Round "4"]
[White "Ciciotti, Augusto"]
[Black "Marinc, Damir"]
[Result "0-1"]
[WhiteElo "1878"]
[BlackElo "2022"]
[PlyCount "116"]
[EventDate "2009.12.04"]

1. d4 Nf6 2. c4 e6 3. Nf3 b6 4. g3 Ba6 5. Qc2 Bb7 6. Bg2 Be7 7. Nc3 d5 8. Ne5
O-O 9. O-O Nbd7 10. cxd5 exd5 11. Nd3 c6 12. Bg5 h6 13. Bxf6 Bxf6 14. e3 Qe7
15. Nf4 g6 16. Bh3 Bg7 17. Rad1 h5 18. Rfe1 Nf6 19. e4 dxe4 20. Nxe4 Nxe4 21.
Rxe4 Qd6 22. Rde1 Bc8 23. Bxc8 Raxc8 24. Qa4 Rc7 25. a3 Bf6 26. Qc4 Kg7 27. b4
Rd8 28. Rd1 h4 29. Qe2 hxg3 30. hxg3 Bg5 31. Re6 fxe6 32. Nxe6+ Kg8 33. Nxg5
Re7 34. Qg4 Rde8 35. Nf3 Qe6 36. Qg5 Qf5 37. Qxf5 gxf5 38. Ne5 c5 39. bxc5 bxc5
40. Nf3 Rd7 41. d5 Red8 42. Ne5 Rxd5 43. Re1 Rd1 44. Kf1 Rxe1+ 45. Kxe1 Re8 46.
f4 Rxe5+ 47. fxe5 Kf7 48. Ke2 Ke6 49. Kd3 Kxe5 50. a4 Kd5 51. a5 a6 52. Kc3 c4
53. Kc2 Kd4 54. Kd2 c3+ 55. Kc1 Kd3 56. Kd1 c2+ 57. Kc1 Kc3 58. g4 f4 0-1

[Event "XXX Memorial Edoardo Crespi B"]
[Site "Milano ITA"]
[Date "2009.12.06"]
[Round "4"]
[White "Colombo, Luca"]
[Black "Paulovich, Adriano"]
[Result "1-0"]
[WhiteElo "1886"]
[BlackElo "1773"]
[PlyCount "101"]
[EventDate "2009.12.04"]

1. e4 e5 2. Nf3 Nc6 3. Bb5 a6 4. Bxc6 dxc6 5. d4 exd4 6. Qxd4 Qxd4 7. Nxd4 Bc5
8. Be3 Nf6 9. f3 Bd7 10. O-O O-O-O 11. c3 Ne8 12. Nd2 h5 13. b4 Bxd4 14. cxd4
f6 15. a4 g5 16. b5 cxb5 17. axb5 Bxb5 18. Rfb1 Nd6 19. Nb3 b6 20. Rc1 g4 21.
d5 gxf3 22. gxf3 Kb7 23. Nd4 Rh7 24. Ne6 Rg8+ 25. Kf2 Nc4 26. Bf4 Ne5 27. Bxe5
fxe5 28. Rg1 Re8 29. Rac1 c5 30. Rg7+ Rxg7 31. Nxg7 Re7 32. Nf5 Rh7 33. Ke3 Bd7
34. Nd6+ Kc7 35. Nc4 Rg7 36. Nxe5 a5 37. Kf2 Bh3 38. Rd1 b5 39. d6+ Kc8 40. Nc6
a4 41. e5 a3 42. Ne7+ Kd7 43. Nd5 a2 44. Nf4 b4 45. Nxh3 b3 46. e6+ Kxe6 47.
Nf4+ Kd7 48. Nd3 Kxd6 49. Nc1+ Kc6 50. Nxb3 Rb7 51. Na5+ 1-0

[Event "XXX Memorial Edoardo Crespi B"]
[Site "Milano ITA"]
[Date "2009.12.06"]
[Round "4"]
[White "Fornasir, Carlo Gustavo"]
[Black "Rossi, Giampiero"]
[Result "0-1"]
[WhiteElo "1896"]
[BlackElo "1936"]
[PlyCount "106"]
[EventDate "2009.12.04"]

1. e4 c5 2. c3 d5 3. exd5 Qxd5 4. Nf3 e6 5. Be2 Nc6 6. O-O Nf6 7. d4 cxd4 8.
cxd4 Be7 9. Nc3 Qd6 10. h3 O-O 11. Be3 Rd8 12. Qc1 Nd5 13. Bg5 Bxg5 14. Qxg5
Qf4 15. Nxd5 Qxg5 16. Nxg5 Rxd5 17. Nf3 Bd7 18. Rfd1 Be8 19. Rd2 Rad8 20. Rad1
f6 21. Bc4 R5d6 22. d5 Na5 23. Be2 Rxd5 24. b4 Rxd2 25. Rxd2 Rxd2 26. Nxd2 Nc6
27. a3 Nd4 28. Bc4 Bf7 29. a4 e5 30. Bxf7+ Kxf7 31. Nc4 Ke6 32. f3 b5 33. axb5
Nxb5 34. Ne3 f5 35. Kf2 Nc7 36. Ke2 Nd5 37. Nc2 g6 38. Kd3 Nf4+ 39. Kc4 Nxg2
40. Kb5 f4 41. Ka6 Ne3 42. Ne1 Nd5 43. Nd3 Nc3 44. Kxa7 Kd5 45. Kb6 Kd4 46. Ne1
e4 47. Kc6 exf3 48. Nxf3+ Ke3 49. Nh2 f3 50. Kd6 f2 51. Ke6 Kf4 52. Nf1 g5 53.
Kf6 h5 0-1

[Event "XXX Memorial Edoardo Crespi B"]
[Site "Milano ITA"]
[Date "2009.12.06"]
[Round "4"]
[White "Guzzetti, Luigi Enrico"]
[Black "Villalba, Fernando"]
[Result "1/2-1/2"]
[WhiteElo "1856"]
[BlackElo "1913"]
[PlyCount "85"]
[EventDate "2009.12.04"]

1. e4 c5 2. Nf3 Nc6 3. d4 cxd4 4. Nxd4 g6 5. Be3 Bg7 6. Be2 Nf6 7. Nc3 O-O 8.
O-O d5 9. Nxc6 bxc6 10. exd5 cxd5 11. Bf3 Bb7 12. Bd4 e6 13. Re1 Nd7 14. Bxg7
Kxg7 15. g3 Nb6 16. a4 Qf6 17. Nb5 Rfd8 18. a5 Nc4 19. b3 Ne5 20. Bg2 a6 21.
Na3 h5 22. Qe2 Nc6 23. Qd2 h4 24. b4 Rh8 25. b5 Nd4 26. Qe3 axb5 27. c3 Nf5 28.
Qb6 Ba6 29. Rac1 Rhb8 30. Qc7 Rc8 31. Qb6 Rxc3 32. Nxb5 Rb3 33. Qc6 Qd8 34. Nc7
Ra7 35. Nxa6 hxg3 36. hxg3 Nd4 37. Qa4 Qf6 38. Rcd1 Nf3+ 39. Bxf3 Rxf3 40. Nc5
Qc3 41. Qa1 Rxa5 42. Qxc3+ Rxc3 43. Nd3 1/2-1/2

[Event "XXX Memorial Edoardo Crespi B"]
[Site "Milano ITA"]
[Date "2009.12.06"]
[Round "4"]
[White "Illyuviev, Oleg"]
[Black "Gonella, Daniele"]
[Result "1-0"]
[WhiteElo "2000"]
[BlackElo "1856"]
[PlyCount "79"]
[EventDate "2009.12.04"]

1. c4 c6 2. Nc3 e6 3. Nf3 d5 4. cxd5 exd5 5. d4 Nf6 6. Bf4 Be7 7. e3 Bf5 8. Bd3
Bg6 9. O-O O-O 10. a3 Nbd7 11. b4 a6 12. Na4 Nh5 13. Bg3 Nxg3 14. hxg3 Bd6 15.
Nc5 b6 16. Nxa6 Bxd3 17. Qxd3 Qc8 18. b5 cxb5 19. Nb4 Bxb4 20. Rfc1 Rxa3 21.
Qxa3 Bxa3 22. Rxc8 Rxc8 23. Rxa3 Rc1+ 24. Kh2 Rb1 25. Ne5 Nf8 26. Ra8 f6 27.
Nd7 Kf7 28. Nxf8 b4 29. Rb8 Ke7 30. Nxh7 b3 31. Rxb6 b2 32. g4 Kf7 33. g5 Kg6
34. gxf6 gxf6 35. Nxf6 Rc1 36. Nxd5+ Kf5 37. Rxb2 Rc4 38. f3 Kg5 39. Rb5 Kh6
40. Rb6+ 1-0

[Event "XXX Memorial Edoardo Crespi B"]
[Site "Milano ITA"]
[Date "2009.12.06"]
[Round "4"]
[White "Krstic, Dragan"]
[Black "Casartelli, Fabio"]
[Result "1/2-1/2"]
[WhiteElo "1810"]
[BlackElo "1908"]
[PlyCount "96"]
[EventDate "2009.12.04"]

1. e4 e5 2. Nf3 Nf6 3. Nxe5 d6 4. Nf3 Nxe4 5. d4 d5 6. Bd3 Be7 7. O-O Bg4 8. c3
O-O 9. h3 Bh5 10. Be2 c6 11. Bf4 Nd7 12. Nbd2 f5 13. Ne5 Bxe2 14. Qxe2 Nxe5 15.
Bxe5 Bd6 16. Nf3 Bxe5 17. Nxe5 Qh4 18. Rad1 Rae8 19. c4 Nd6 20. cxd5 cxd5 21.
Qf3 Qe4 22. Qb3 Nc4 23. Rfe1 Qf4 24. Qxb7 Nxe5 25. dxe5 Rxe5 26. Rxe5 Qxe5 27.
Qxd5+ Qxd5 28. Rxd5 g6 29. Kf1 Rf7 30. b4 Re7 31. Ra5 Kf7 32. a4 Ke8 33. Rb5
Kf7 34. a5 Kf6 35. Rb8 Kg5 36. a6 h5 37. g3 h4 38. Kg2 hxg3 39. Kxg3 Re4 40. b5
Ra4 41. Rb7 Ra3+ 42. Kg2 Rb3 43. b6 axb6 44. a7 Ra3 45. Rxb6 Rxa7 46. Rb3 Ra4
47. Rg3+ Kf6 48. Rf3 Kg5 1/2-1/2

[Event "XXX Memorial Edoardo Crespi B"]
[Site "Milano ITA"]
[Date "2009.12.06"]
[Round "4"]
[White "Lancianese, Giuseppe"]
[Black "Gaggino, Davide"]
[Result "1/2-1/2"]
[WhiteElo "1786"]
[BlackElo "1963"]
[PlyCount "79"]
[EventDate "2009.12.04"]

1. d4 Nf6 2. c4 g6 3. Nc3 Bg7 4. Nf3 O-O 5. e4 d6 6. Be2 Nbd7 7. O-O e5 8. d5
a5 9. Qc2 Nc5 10. Be3 b6 11. a3 Nh5 12. b4 Nb7 13. Nb5 Nf4 14. Rac1 f5 15. Bd3
Nxd3 16. Qxd3 f4 17. Bd2 Rf7 18. h3 g5 19. Nh2 Bf8 20. f3 h5 21. Qe2 Rg7 22.
Rc3 Qf6 23. Be1 Qh6 24. Rd3 Qh7 25. Nc3 Rg6 26. Nd1 g4 27. fxg4 hxg4 28. hxg4
Rh6 29. g3 Bg7 30. gxf4 exf4 31. Bc3 Be5 32. Bxe5 dxe5 33. Rf2 Nd6 34. Nc3 Nxc4
35. d6 cxd6 36. Nd5 axb4 37. g5 Qg7 38. Rg2 Rg6 39. Nf6+ Kf7 40. Rh3 1/2-1/2

[Event "XXX Memorial Edoardo Crespi B"]
[Site "Milano ITA"]
[Date "2009.12.06"]
[Round "4"]
[White "Lanni, Vincenzo"]
[Black "Fiorili, Roberto"]
[Result "0-1"]
[WhiteElo "1803"]
[BlackElo "1902"]
[PlyCount "68"]
[EventDate "2009.12.04"]

1. d4 f5 2. g3 Nf6 3. Bg2 g6 4. Nf3 Bg7 5. O-O O-O 6. c3 c6 7. Nbd2 h6 8. Qc2
d5 9. Ne5 Qe8 10. f3 Nbd7 11. Nxd7 Bxd7 12. e4 f4 13. g4 g5 14. h3 e5 15. Nb3
dxe4 16. fxe4 Rd8 17. Bd2 b6 18. Be1 h5 19. dxe5 Qxe5 20. gxh5 g4 21. hxg4 Nxg4
22. Bf3 Ne3 23. Qh2 Qg5+ 24. Kf2 Nxf1 25. Kxf1 Bg4 26. Bh4 Qb5+ 27. Kf2 Bxf3
28. Kxf3 Qd3+ 29. Kf2 Qe3+ 30. Kf1 Qf3+ 31. Kg1 Rd1+ 32. Rxd1 Qxd1+ 33. Kg2 f3+
34. Kh3 Qf1+ 0-1

[Event "XXX Memorial Edoardo Crespi B"]
[Site "Milano ITA"]
[Date "2009.12.06"]
[Round "4"]
[White "Margstahler, Francesco"]
[Black "Baccarin, Stefano"]
[Result "1/2-1/2"]
[WhiteElo "1800"]
[BlackElo "1840"]
[PlyCount "25"]
[EventDate "2009.12.04"]

1. e4 c5 2. c3 Nf6 3. e5 Nd5 4. Nf3 Nc6 5. d4 cxd4 6. cxd4 g6 7. Bc4 Nb6 8. Bb3
Bg7 9. Bf4 O-O 10. O-O Na5 11. Nc3 Nxb3 12. Qxb3 a6 13. Rad1 1/2-1/2

[Event "XXX Memorial Edoardo Crespi B"]
[Site "Milano ITA"]
[Date "2009.12.06"]
[Round "4"]
[White "Memarian, Milad"]
[Black "Bernago, Federico"]
[Result "1-0"]
[WhiteElo "1962"]
[BlackElo "1960"]
[PlyCount "75"]
[EventDate "2009.12.04"]

1. d4 Nf6 2. c4 c5 3. Nf3 cxd4 4. Nxd4 e5 5. Nb5 d5 6. cxd5 Bc5 7. e3 a6 8.
N5c3 O-O 9. Bd3 Re8 10. Qc2 Nbd7 11. a3 b5 12. b4 Ba7 13. e4 Ng4 14. O-O Qh4
15. h3 Ndf6 16. Nd1 Nxf2 17. Rxf2 Bxh3 18. Be3 Bg4 19. Bxa7 Rxa7 20. Be2 Rc8
21. Nbc3 Nh5 22. Bxg4 Qxg4 23. Qe2 Qh4 24. Qe3 Rac7 25. Ne2 Nf6 26. Qg3 Qh6 27.
Ndc3 Nh5 28. Qxe5 Nf6 29. Qg3 Re7 30. e5 Nd7 31. Raf1 Rxe5 32. Rxf7 Rg5 33. Qf4
Nf6 34. Ne4 Rxg2+ 35. Kxg2 Qg6+ 36. Kh1 Qxf7 37. Nxf6+ gxf6 38. Qg4+ 1-0

[Event "XXX Memorial Edoardo Crespi B"]
[Site "Milano ITA"]
[Date "2009.12.06"]
[Round "4"]
[White "Mouflih, Caesar Faycal"]
[Black "Vallone, Ugo"]
[Result "1-0"]
[WhiteElo "1843"]
[BlackElo "1784"]
[PlyCount "47"]
[EventDate "2009.12.04"]

1. e4 c6 2. d4 d5 3. Nc3 e6 4. Nf3 a6 5. Bd3 Be7 6. O-O h5 7. e5 c5 8. dxc5
Bxc5 9. Bg5 Qc7 10. Qe2 Ne7 11. Be3 Nd7 12. Rfe1 Bb4 13. Bd2 Ba5 14. Nd4 Bb6
15. Ndb5 axb5 16. Nxb5 Qd8 17. Nd6+ Kf8 18. Qf3 Nxe5 19. Rxe5 Qxd6 20. Rxh5
Rxh5 21. Qxh5 f5 22. Re1 Ra4 23. Bb5 Re4 24. Qe8# 1-0

[Event "XXX Memorial Edoardo Crespi B"]
[Site "Milano ITA"]
[Date "2009.12.06"]
[Round "4"]
[White "Olivieri, Alessandro"]
[Black "Oteri, Aldo"]
[Result "1/2-1/2"]
[WhiteElo "1800"]
[BlackElo "1826"]
[PlyCount "118"]
[EventDate "2009.12.04"]

1. d4 Nf6 2. c4 g6 3. Nc3 Bg7 4. e4 d6 5. Nf3 O-O 6. Be2 e5 7. O-O exd4 8. Nxd4
Re8 9. f3 Nc6 10. Nxc6 bxc6 11. Bg5 h6 12. Bh4 Rb8 13. Qc2 g5 14. Bf2 c5 15.
Be3 Nh5 16. g3 Bh3 17. Rfd1 Qf6 18. Rd2 Rxb2 19. Qxb2 Qxc3 20. Qxc3 Bxc3 21.
Rad1 Bxd2 22. Rxd2 f5 23. g4 fxg4 24. fxg4 Nf6 25. Bf3 Bxg4 26. Bg2 Nxe4 27.
Rb2 Nf6 28. Bd2 Re2 29. Bf1 Re7 30. Rb7 Be2 31. Rxa7 Bxf1 32. Kxf1 Ng4 33. h3
Ne5 34. Ba5 Nxc4 35. Rxc7 Rxc7 36. Bxc7 Kf7 37. Bd8 d5 38. Ke2 Ke6 39. Kd3 Ne5+
40. Ke3 c4 41. Bb6 c3 42. Bc7 Nc4+ 43. Kd3 Na3 44. Ba5 c2 45. Bd2 Nb5 46. Kxc2
Nd4+ 47. Kd3 Nf3 48. Be3 h5 49. a4 g4 50. hxg4 hxg4 51. a5 Kd6 52. a6 Kc6 53.
a7 Kb7 54. Bc5 g3 55. Ke3 Ng5 56. Bd4 Ne6 57. Be5 d4+ 58. Kf3 d3 59. Bxg3 Nd4+
1/2-1/2

[Event "XXX Memorial Edoardo Crespi B"]
[Site "Milano ITA"]
[Date "2009.12.06"]
[Round "4"]
[White "Olivo, Mario"]
[Black "Bisignano, Giuseppe"]
[Result "0-1"]
[WhiteElo "1827"]
[BlackElo "1930"]
[PlyCount "144"]
[EventDate "2009.12.04"]

1. c4 e5 2. Nc3 Nc6 3. Nf3 f5 4. d4 e4 5. Ng5 Be7 6. Nh3 Bf6 7. e3 Nge7 8. Qh5+
g6 9. Qd1 b6 10. Nf4 a5 11. Nfd5 Nxd5 12. Nxd5 Bg7 13. h4 Ne7 14. Nc3 Ba6 15.
Qb3 c6 16. Be2 Rb8 17. a4 d5 18. Bd2 f4 19. cxd5 Bxe2 20. Kxe2 cxd5 21. Qb5+
Qd7 22. Qxd7+ Kxd7 23. Rac1 Rbc8 24. Rh3 Ke6 25. Nb5 Rxc1 26. Bxc1 Rc8 27. Kd1
fxe3 28. fxe3 Nf5 29. g4 Nd6 30. Nc3 Rf8 31. Ke2 Rc8 32. Kd2 Nc4+ 33. Kc2 Rf8
34. Nd1 b5 35. b3 Nd6 36. axb5 Nxb5 37. Rh1 Rf3 38. Bd2 Bxd4 39. exd4 Nxd4+ 40.
Kb2 Nxb3 41. Bc3 a4 42. Re1 d4 43. Rxe4+ Kd5 44. Re2 dxc3+ 45. Nxc3+ Kc4 46.
Nxa4 Nd4 47. Rg2 Rb3+ 48. Ka2 Kb4 49. Nb2 Nb5 50. Kb1 Na3+ 51. Ka2 Rh3 52. h5
Nb5 53. hxg6 Nc3+ 54. Ka1 Rh1+ 55. Nd1 Rxd1+ 56. Kb2 hxg6 57. Kc2 Nd5 58. Rg3
Rd4 59. g5 Kc5 60. Kb3 Kd6 61. Rg1 Ke5 62. Rg2 Kf5 63. Kb2 Rg4 64. Rd2 Nf4 65.
Kc3 Rxg5 66. Kd4 Rg2 67. Rd1 g5 68. Ke3 g4 69. Rf1 Re2+ 70. Kd4 g3 71. Rg1 Kg4
72. Kc3 Kf3 0-1

[Event "XXX Memorial Edoardo Crespi B"]
[Site "Milano ITA"]
[Date "2009.12.06"]
[Round "4"]
[White "Orsi, Matteo"]
[Black "Alidosi, Marco"]
[Result "1-0"]
[WhiteElo "1960"]
[BlackElo "1789"]
[PlyCount "107"]
[EventDate "2009.12.04"]

1. Nf3 Nf6 2. d4 d6 3. c4 g6 4. Nc3 Bg7 5. e4 O-O 6. Be2 e5 7. O-O Nbd7 8. Bg5
c6 9. Qd2 Re8 10. d5 c5 11. Ne1 a6 12. a4 Qe7 13. a5 Qf8 14. f3 h6 15. Be3 Kh7
16. Na4 Qe7 17. b4 cxb4 18. Qxb4 Nh5 19. Rc1 Nf4 20. Rf2 Qg5 21. Kh1 Qh5 22.
Qxd6 Bf8 23. Qc7 Be7 24. Bxf4 Bd8 25. g4 Qh4 26. Bg3 Qf6 27. Nb6 Bxc7 28. Nxa8
Bxa5 29. Nd3 Bd2 30. Rc2 Be3 31. Rf1 Qd6 32. f4 f6 33. fxe5 fxe5 34. Rf7+ Kg8
35. Rxd7 Bxd7 36. c5 Qf6 37. Nc7 Re7 38. d6 Rf7 39. Nxe5 Bc6 40. Nxc6 bxc6 41.
e5 Qg7 42. Bc4 Kh7 43. Ne8 Qf8 44. Bxf7 Qxf7 45. Nf6+ Kg7 46. d7 Qe7 47. Rc3
Bg5 48. Ne8+ Kh7 49. Rd3 Qd8 50. e6 Be7 51. Bc7 Qa8 52. d8=Q Bxd8 53. Rxd8 Qb7
54. Bb6 1-0

[Event "XXX Memorial Edoardo Crespi B"]
[Site "Milano ITA"]
[Date "2009.12.06"]
[Round "4"]
[White "Paganini, Andrea"]
[Black "Acunzo, Domenico"]
[Result "1/2-1/2"]
[WhiteElo "1753"]
[BlackElo "1808"]
[PlyCount "94"]
[EventDate "2009.12.04"]

1. e4 e6 2. d4 d5 3. Nd2 c5 4. Ngf3 Nc6 5. c3 Qb6 6. a4 cxd4 7. a5 Qc7 8. Nxd4
Nxd4 9. cxd4 Bd7 10. exd5 exd5 11. Nf3 Bd6 12. Bd3 Nf6 13. Qe2+ Be7 14. O-O Kf8
15. h3 h6 16. Ne5 Bd6 17. Bf4 Re8 18. Rfc1 Qb8 19. Bb5 Bxb5 20. Qxb5 g5 21. Bh2
Kg7 22. a6 bxa6 23. Qxa6 Rc8 24. f3 Rc7 25. Rxc7 Qxc7 26. Qxa7 Rc8 27. Qxc7
Rxc7 28. Rb1 Rb7 29. b3 Rb6 30. Kf2 Bb4 31. Ke2 Ne8 32. Kd3 f6 33. Ng4 Rc6 34.
Ke2 Rc2+ 35. Kf1 Rd2 36. Ne3 Kg6 37. Nxd5 Rxd4 38. Nxb4 Rxb4 39. Bg1 Ng7 40. g4
h5 41. Ke2 hxg4 42. hxg4 Ne6 43. Kd2 f5 44. gxf5+ Kxf5 45. Ke3 Nc5 46. Bh2
Rxb3+ 47. Rxb3 Nxb3 1/2-1/2

[Event "XXX Memorial Edoardo Crespi B"]
[Site "Milano ITA"]
[Date "2009.12.06"]
[Round "4"]
[White "Pescatore, Lorenzo"]
[Black "Kimbin, Richard Conrod"]
[Result "1/2-1/2"]
[WhiteElo "1900"]
[BlackElo "1935"]
[PlyCount "79"]
[EventDate "2009.12.04"]

1. e4 c5 2. Nc3 d6 3. f4 Nf6 4. Nf3 Nc6 5. Bb5 a6 6. Bxc6+ bxc6 7. O-O e6 8. d3
Qc7 9. Qe1 Be7 10. h3 O-O 11. g4 Ne8 12. f5 f6 13. Qh4 d5 14. Bd2 Bd6 15. Kg2
exf5 16. exf5 Rb8 17. b3 c4 18. bxc4 dxc4 19. dxc4 Rb4 20. Rfe1 Rxc4 21. Re4
Rc5 22. Rae1 Bd7 23. Qf2 Ra5 24. Na4 c5 25. Bxa5 Qxa5 26. Nb2 Qxa2 27. Nc4 Bc6
28. Nxd6 Nxd6 29. Re6 Qd5 30. Qe2 Nb5 31. Rxc6 Qxc6 32. Qe6+ Qxe6 33. Rxe6 Ra8
34. Rc6 Nd4 35. Rxc5 Nxf3 36. Kxf3 a5 37. Rc3 a4 38. Ra3 Rc8 39. c3 Rc4 40. Ke3
1/2-1/2

[Event "XXX Memorial Edoardo Crespi B"]
[Site "Milano ITA"]
[Date "2009.12.06"]
[Round "4"]
[White "Piantoni, Pierino"]
[Black "Chiesa, Matteo"]
[Result "0-1"]
[WhiteElo "1939"]
[BlackElo "1839"]
[PlyCount "82"]
[EventDate "2009.12.04"]

1. d4 Nf6 2. Nf3 g6 3. c4 Bg7 4. Nc3 d6 5. g3 O-O 6. Bg2 Nbd7 7. O-O c5 8. e3
a6 9. b3 Rb8 10. Qc2 b5 11. Rb1 Bb7 12. a4 b4 13. Ne2 Be4 14. Qa2 Bxb1 15. Qxb1
Re8 16. Bb2 e5 17. dxe5 dxe5 18. Rd1 Qe7 19. e4 Rbd8 20. h3 h6 21. g4 Nh7 22.
Nd2 Nhf8 23. Nf1 Ne6 24. Ne3 Nb6 25. Nd5 Nxd5 26. cxd5 Nd4 27. Qd3 Qf6 28. Ng3
Rc8 29. Bc1 Re7 30. Nf1 Rec7 31. Nd2 h5 32. Nc4 hxg4 33. hxg4 Qh4 34. Bf3 Qh3
35. Nd2 c4 36. bxc4 Rxc4 37. Bb2 Rc3 38. Bxc3 bxc3 39. Rc1 Bh6 40. Rxc3 Rxc3
41. Qxc3 Ne2+ 0-1

[Event "XXX Memorial Edoardo Crespi B"]
[Site "Milano ITA"]
[Date "2009.12.06"]
[Round "4"]
[White "Quagliarella, Sabino Remo"]
[Black "Riekenbrauk, Joerg"]
[Result "1-0"]
[WhiteElo "1886"]
[BlackElo "1941"]
[PlyCount "43"]
[EventDate "2009.12.04"]

1. d4 f5 2. c4 Nf6 3. Nc3 g6 4. g3 Bg7 5. Bg2 O-O 6. Nh3 Qe8 7. O-O d6 8. Nb5
Na6 9. d5 Ne4 10. Nf4 c6 11. Nd4 Nac5 12. f3 Ng5 13. Rb1 cxd5 14. Nxd5 Nge6 15.
Nb5 Qd8 16. b4 Na6 17. e4 Nac7 18. Nbxc7 Nxc7 19. Bg5 Rf7 20. c5 Be6 21. cxd6
Qxd6 22. Nxe7+ 1-0

[Event "XXX Memorial Edoardo Crespi B"]
[Site "Milano ITA"]
[Date "2009.12.06"]
[Round "4"]
[White "Reale, Simone"]
[Black "Bisignano, Riccardo"]
[Result "1/2-1/2"]
[WhiteElo "1826"]
[BlackElo "1937"]
[PlyCount "83"]
[EventDate "2009.12.04"]

1. d4 Nf6 2. c4 g6 3. Nc3 Bg7 4. e4 O-O 5. Nf3 d6 6. Be2 Nbd7 7. O-O c5 8. Be3
Ng4 9. Bg5 h6 10. Bh4 g5 11. Bg3 cxd4 12. Nxd4 Nge5 13. Nf5 Nf6 14. Bxe5 dxe5
15. Qxd8 Rxd8 16. Nxe7+ Kf8 17. Ned5 Be6 18. Nxf6 Bxf6 19. Nd5 Bg7 20. Rfd1
Rac8 21. Rac1 f5 22. f3 Kf7 23. b4 Bf8 24. c5 a5 25. a3 axb4 26. axb4 Ra8 27.
Nc7 Rxd1+ 28. Rxd1 Ra4 29. Nxe6 Kxe6 30. Rb1 Rxb4 31. Rxb4 Bxc5+ 32. Kf1 Bxb4
33. Bc4+ Kf6 34. Ke2 g4 35. fxg4 fxg4 36. h3 h5 37. hxg4 hxg4 38. g3 Bc3 39.
Bb5 Kf7 40. Kf1 Kf6 41. Bd7 Kg5 42. Ke2 1/2-1/2

[Event "XXX Memorial Edoardo Crespi B"]
[Site "Milano ITA"]
[Date "2009.12.06"]
[Round "4"]
[White "Regorda, Vittorio"]
[Black "Attuati, Stefano"]
[Result "1/2-1/2"]
[WhiteElo "1865"]
[BlackElo "1801"]
[PlyCount "64"]
[EventDate "2009.12.04"]

1. d4 e6 2. Nf3 f5 3. g3 Nf6 4. Bg2 d5 5. O-O Bd6 6. Nbd2 O-O 7. c4 c6 8. c5
Bc7 9. Nb3 Nbd7 10. Ng5 Qe8 11. Bd2 e5 12. e3 Ne4 13. Nxe4 fxe4 14. Bh3 exd4
15. Bxd7 Bxd7 16. Nxd4 Bh3 17. f4 Bxf1 18. Qxf1 Qd7 19. Qg2 b6 20. Bb4 bxc5 21.
Bxc5 Bd6 22. Rc1 Rfc8 23. Qc2 Rc7 24. Qa4 Bxc5 25. Rxc5 Rb8 26. Qc2 Rb6 27. b3
Kh8 28. a4 Rb8 29. Kg2 Qc8 30. Qc3 Qa6 31. Ne6 Qe2+ 32. Kh3 Qh5+ 1/2-1/2

[Event "XXX Memorial Edoardo Crespi B"]
[Site "Milano ITA"]
[Date "2009.12.06"]
[Round "4"]
[White "Riccio, Luigi"]
[Black "Formento, Paolo"]
[Result "0-1"]
[WhiteElo "1840"]
[BlackElo "1779"]
[PlyCount "110"]
[EventDate "2009.12.04"]

1. e4 e5 2. Nf3 Nc6 3. Bb5 a6 4. Bxc6 dxc6 5. O-O Bg4 6. h3 h5 7. d3 Bxf3 8.
Qxf3 Qd6 9. Be3 Nf6 10. Nd2 Qe6 11. Nb3 O-O-O 12. Nc5 Bxc5 13. Bxc5 g5 14. Qf5
Qxf5 15. exf5 Rde8 16. Rfe1 Rhg8 17. Re2 g4 18. h4 b6 19. Be3 Nd5 20. Rae1 c5
21. g3 f6 22. c3 Ne7 23. d4 cxd4 24. Bxd4 Nxf5 25. Be3 Kd7 26. Bc1 Re6 27. Rd1+
Rd6 28. Red2 Rxd2 29. Rxd2+ Nd6 30. Kf1 Ke6 31. Ke2 f5 32. Rd3 Rg7 33. Rd1 Rf7
34. f3 c5 35. f4 e4 36. b3 b5 37. Ba3 Rc7 38. Rd2 a5 39. Ke3 b4 40. Bb2 c4 41.
Rc2 Rc5 42. cxb4 axb4 43. Be5 c3 44. a4 Rd5 45. Bd4 Nb7 46. Bb6 Na5 47. Bxa5
Rxa5 48. Kd4 Rd5+ 49. Kc4 Rd2 50. Rc1 e3 51. Re1 e2 52. Kxb4 c2 53. Kc3 c1=Q+
54. Rxc1 Rd1 55. Kc2 Rxc1+ 0-1

[Event "XXX Memorial Edoardo Crespi B"]
[Site "Milano ITA"]
[Date "2009.12.06"]
[Round "4"]
[White "Scarpellini, Felice"]
[Black "Di Paola, Antonio"]
[Result "1-0"]
[WhiteElo "1803"]
[BlackElo "1749"]
[PlyCount "102"]
[EventDate "2009.12.04"]

1. c4 Nf6 2. Nc3 e6 3. g3 d5 4. cxd5 exd5 5. d4 c6 6. Nf3 Be7 7. Bg2 O-O 8. O-O
Re8 9. Bg5 h6 10. Bxf6 Bxf6 11. e3 Bf5 12. b4 Nd7 13. b5 Nb6 14. bxc6 bxc6 15.
Nd2 Qd7 16. Na4 Rab8 17. Nc5 Qd6 18. a4 Nd7 19. Rc1 Rb6 20. Ndb3 Reb8 21. Rc3
g5 22. Qh5 Kg7 23. Qf3 Be4 24. Qd1 Bf5 25. Re1 Qe7 26. a5 Rb5 27. a6 Nxc5 28.
Nxc5 Rb1 29. Rc1 R1b2 30. Qa4 R8b6 31. Qa5 R2b5 32. Qa3 Qc7 33. Bf1 Rb2 34. Na4
R6b3 35. Qc5 Rb1 36. Rxb1 Rxb1 37. Rxb1 Bxb1 38. Nc3 Be7 39. Nxd5 Qxg3+ 40.
hxg3 Bxc5 41. Nc3 Bb4 42. Nxb1 f5 43. Bg2 Kf6 44. Bxc6 Ke6 45. Kf1 Kd6 46. Bb7
Kc7 47. Ke2 Kb6 48. f4 gxf4 49. exf4 Kb5 50. Nd2 Bd6 51. Nf3 Kc4 1-0

[Event "XXX Memorial Edoardo Crespi B"]
[Site "Milano ITA"]
[Date "2009.12.06"]
[Round "4"]
[White "Silari, Andrea"]
[Black "Papa, Angelo"]
[Result "1-0"]
[WhiteElo "1797"]
[BlackElo "1890"]
[PlyCount "56"]
[EventDate "2009.12.04"]

1. e4 g6 2. d4 Bg7 3. Nc3 c6 4. Nf3 d6 5. Be2 Nf6 6. O-O O-O 7. Bg5 Qc7 8. Qd2
Nbd7 9. Bh6 e5 10. Bxg7 Kxg7 11. dxe5 dxe5 12. Rad1 Re8 13. Bc4 b5 14. Bxb5
cxb5 15. Nxb5 Qb6 16. Nd6 Re7 17. Nc4 Qa6 18. Qb4 Re6 19. Ng5 Rc6 20. Nd6 Nc5
21. Ngxf7 Be6 22. Nxe5 Rxd6 23. Qxc5 Rxd1 24. Qe7+ Kh6 25. Rxd1 Bg4 26. Qxf6
Qxf6 27. Nxg4+ Kg5 28. Nxf6 Kxf6 1-0

[Event "XXX Memorial Edoardo Crespi B"]
[Site "Milano ITA"]
[Date "2009.12.06"]
[Round "4"]
[White "Trent, Alan M."]
[Black "Virzi, Ettore"]
[Result "0-1"]
[WhiteElo "1848"]
[BlackElo "1974"]
[PlyCount "80"]
[EventDate "2009.12.04"]

1. e4 e5 2. Nf3 Nc6 3. Bc4 Nf6 4. d3 Bc5 5. Nc3 d6 6. h3 Na5 7. Bg5 Bb4 8. O-O
Bxc3 9. bxc3 Nxc4 10. dxc4 h6 11. Bh4 O-O 12. Qe2 Qe7 13. Rab1 b6 14. Rfd1 Qe6
15. Bxf6 Qxf6 16. Nh2 Be6 17. Ng4 Qg6 18. Kh2 h5 19. Ne3 Qxe4 20. f3 Qg6 21.
Nd5 Bxd5 22. cxd5 f5 23. Rb4 f4 24. Qf2 Qg5 25. Rc4 Rf7 26. Re4 Raf8 27. Rb1 a5
28. a4 Qf5 29. Rbe1 g5 30. c4 Rg7 31. Qe2 Rf6 32. Rb1 g4 33. fxg4 hxg4 34. c5
gxh3 35. Rg1 Rg3 36. cxb6 hxg2 37. Rxg2 Rh6+ 38. Kg1 Rxg2+ 39. Qxg2+ Rg6 40.
Re2 cxb6 0-1

[Event "XXX Memorial Edoardo Crespi B"]
[Site "Milano ITA"]
[Date "2009.12.07"]
[Round "5"]
[White "Acunzo, Domenico"]
[Black "Ciciotti, Augusto"]
[Result "0-1"]
[WhiteElo "1808"]
[BlackElo "1878"]
[PlyCount "76"]
[EventDate "2009.12.04"]

1. e4 c5 2. Nf3 d6 3. Be2 Nc6 4. c3 Nf6 5. d4 cxd4 6. cxd4 g6 7. Nc3 Bg7 8. O-O
O-O 9. d5 Ne5 10. Nxe5 dxe5 11. Bg5 Qb6 12. Qd2 a6 13. Na4 Qd6 14. f3 Nh5 15.
Be3 Bd7 16. Bc5 Qf6 17. Nb6 Rad8 18. Qb4 Rfe8 19. Rfd1 Nf4 20. Bf1 Qg5 21. Kh1
Bb5 22. Rd2 Bxf1 23. Rxf1 Bh6 24. Be3 Qh5 25. Qb3 Bg5 26. Nc4 Bh4 27. Bf2 b5
28. Ne3 Bg5 29. Rc2 e6 30. dxe6 Nxe6 31. Nd5 Rc8 32. Rxc8 Rxc8 33. Be3 Kg7 34.
Bxg5 Qxg5 35. Qd1 Nd4 36. f4 Qh4 37. g3 Qh3 38. fxe5 Rc2 0-1